000 00746nam a2200229Ia 4500
001 9406
003 GE_BSU
008 181216s||||||||xx |||||||||||||| ||und||
040 _cGE_BSU
080 _a821.353.1–32
100 _aმოსაშვილი,მინდია
245 _aნადირობა პრერიებში
245 _bმოთხრობები
245 _cრედ. ნ.ხომერიკი,მხატვ.ე.ბურჯანაძე
260 _aთბილისი
260 _bმერანი
260 _c1974
300 _a248გვ.16სმ.
653 _aმოთხრობები
653 _aნადირობა პრერიებში
942 _cBK
999 _c42700
_d42700